| 000 | 00540nam a2200133Ia 4500 | ||
|---|---|---|---|
| 008 | 151213s9999 xx 000 0 und d | ||
| 100 | _aজিল্লুর রহমান সিদ্দিকী | ||
| 245 |
_aভাষা - শহীদ গ্রন্থমালা / অনুুবাদ _cজিল্লুর রহমান সিদ্দিকী |
||
| 260 |
_aDhaka _bBangla Akademy _c1985 |
||
| 300 | _a6518 p. | ||
| 650 | _aBangla | ||
| 700 | _aজিল্লুর রহমান সিদ্দিকী | ||
| 999 |
_c3607 _d3607 |
||